|
|
|
|
| LEADER |
00000nab a2200000 a 4500 |
| 001 |
vtls009005500 |
| 003 |
SK-MaSNL |
| 005 |
20260303065704.0 |
| 008 |
140402c2007 xo mr|p|||||||000 b|slo |
| 015 |
|
|
|a SNBRB2007/07
|2 snkbucl
|
| 038 |
|
|
|a SNKBUCL
|
| 040 |
|
|
|a SNKBUCL
|b slo
|c SNKBUCL
|e AACR2
|
| 040 |
0 |
|
|a slo
|e AACR2
|
| 041 |
0 |
|
|a slo
|
| 044 |
|
|
|a xo
|c SK
|
| 080 |
|
|
|a 284.1(437.6):061.3
|2 1997
|
| 245 |
0 |
0 |
|a Výber zo správy Predsedníctva ECAV na Slovensku na Synodu 2007
|
| 300 |
|
|
|b Fotogr.
|
| 610 |
2 |
7 |
|a Evanjelická cirkev a.v. na Slovensku
|b Predsedníctvo
|x správy
|2 snkbucl
|9 1066095
|
| 610 |
2 |
7 |
|a Evanjelická cirkev a.v. na Slovensku
|b Synoda
|2 snkbucl
|9 1066093
|
| 648 |
|
7 |
|a 15.-16.6.2007
|2 snkbucl
|9 1066094
|
| 651 |
|
7 |
|a Ružomberok (Slovensko)
|2 snkbucl
|9 24370
|
| 773 |
0 |
|
|t Evanjelický posol spod Tatier
|g Roč. 97, č. 26 (2007), s. 10-11
|x 0139-8768
|
| 852 |
|
|
|a SNK
|b KIS3GCP
|
| 958 |
|
|
|a SK
|
| 999 |
|
|
|c 1752214
|d 1754144
|